Wszystkie featy Kuqe 2115 - Statystyki

Ogólne statystyki
  • Ten quiz został rozwiązany 33 razy
  • Średni wynik to 9 z 29
Statystyki odpowiedzi
Odpowiedź % Poprawnych
White 2115
95%
Blacha 2115
89%
Bedoes 2115
84%
bambi
74%
Chivas
68%
Flexxy 2115
63%
Kuban
47%
Kubi Producent
47%
Szpaku
47%
francis
42%
Ewelina Lisowska
37%
slowez
32%
WERSOW
32%
Deemz
26%
@atutowy
21%
emi
16%
Sarsa
16%
Moli
11%
AXL Beats
5%
double three
5%
Jakub Laszuk
5%
Olszakumpel
5%
PMBTZ
5%
Pressa
5%
Questy
5%
clearmind
0%
Michał Wiśniewski
0%
Spotless
0%
Worek
0%
Nie znaleziono quizów pasujących do podanych kryteriów
Rozkład punktacji
Procent ludzi z każdym wynikiem
Percentyl według liczby udzielonych odpowiedzi
Twoja historia wyników
Nie rozwiązałeś tego quizu